Normal view
MARC view
Entry Topical Term
001 - CONTROL NUMBER
- control field: 305
003 - CONTROL NUMBER IDENTIFIER
- control field: csc
005 - DATE AND TIME OF LATEST TRANSACTION
- control field: 20140507162049.0
008 - FIXED-LENGTH DATA ELEMENTS
- fixed length control field: 110324|||a|||||| | ||| d
040 ## - CATALOGING SOURCE
- Original cataloging agency: csc
- Transcribing agency: csc
150 ## - HEADING--TOPICAL TERM
- Topical term or geographic name entry element: Mayan languages
- General subdivision: Writing.
670 ## - SOURCE DATA FOUND
- Source citation: Work cat.: (csc)201: Coe, Michael D. (Michael Douglas) 546, Breaking the Maya code /, 2000.